<?xml version="1.0" encoding="UTF-8"?>
<record
    xmlns:xsi="http://www.w3.org/2001/XMLSchema-instance"
    xsi:schemaLocation="http://www.loc.gov/MARC21/slim http://www.loc.gov/standards/marcxml/schema/MARC21slim.xsd"
    xmlns="http://www.loc.gov/MARC21/slim">

  <leader>01678    a2200229   4500</leader>
  <controlfield tag="001">29440</controlfield>
  <controlfield tag="005">20260407155604.0</controlfield>
  <controlfield tag="008">260407a1998    arg                 spa d</controlfield>
  <controlfield tag="003">AR-UNSa-BCEJYS</controlfield>
  <datafield tag="040" ind1=" " ind2=" ">
    <subfield code="a">AR-UNSa-BCEJYS</subfield>
    <subfield code="b">spa</subfield>
    <subfield code="c">AR-UNSa-BCEJYS</subfield>
  </datafield>
  <datafield tag="080" ind1=" " ind2=" ">
    <subfield code="a">336.225</subfield>
    <subfield code="x">M&#xE9;todo de tributaci&#xF3;n y administraci&#xF3;n de impuestos </subfield>
  </datafield>
  <datafield tag="245" ind1="1" ind2="0">
    <subfield code="a">Sujetos pasivos, liquidaciones de impuestos prescripci&#xF3;n</subfield>
  </datafield>
  <datafield tag="250" ind1=" " ind2=" ">
    <subfield code="a">2a. ed.</subfield>
  </datafield>
  <datafield tag="264" ind1=" " ind2="1">
    <subfield code="a">Buenos Aires :</subfield>
    <subfield code="b">Ediciones Nueva T&#xE9;cnica</subfield>
    <subfield code="c">1998</subfield>
  </datafield>
  <datafield tag="300" ind1=" " ind2=" ">
    <subfield code="a">80 p.</subfield>
    <subfield code="c">28 cm.</subfield>
  </datafield>
  <datafield tag="505" ind1=" " ind2=" ">
    <subfield code="a">Modulo I: Sujetos pasivo de la obligaci&#xF3;n tributaria: 1. Teor&#xED;a de la relaci&#xF3;n jur&#xED;dico tributaria - 2. La obligaci&#xF3;n tributaria como n&#xFA;cleo del estudio cient&#xED;fico del Derecho Tributario - 3. La proyecci&#xF3;n de los efectos de la gesti&#xF3;n administrativa sobre la obligaci&#xF3;n tributaria - Modulo II: Liquidaci&#xF3;n y percepci&#xF3;n de impuestos: 1. Declarac&#xF3;n jurada presentada por los sujetos pasivos - 2. Liquidaci&#xF3;n efectuada por el fisco - 3. Percepci&#xF3;n de impuestos - Modulo III: Domicilio y t&#xE9;rminos: I Domicilio: 1. Domicilio - 2. Clasificaci&#xF3;n - II T&#xE9;rminos: 1. D&#xED;as H&#xE1;biles - 2. Plazos en d&#xED;as - 3. Plazos en horas - 4. Notificaci&#xF3;n en d&#xED;a inh&#xE1;bil - 5. Formas de notificaci&#xF3;n - Modulo IV: Prescripci&#xF3;n: 1. Concepto - 2. Clases de prescripci&#xF3;n - 3. Plazos de prescripci&#xF3;n de las acciones y poderes del fisco - 4. Plazo de prescripci&#xF3;n de la acci&#xF3;n de repetici&#xF3;n - 5. Iniciaci&#xF3;n de la prescripci&#xF3;n - 6. Suspensi&#xF3;n de la prescripci&#xF3;n - 7. Interrupci&#xF3;n de la prescripci&#xF3;n   </subfield>
  </datafield>
  <datafield tag="041" ind1=" " ind2=" ">
    <subfield code="a">spa</subfield>
  </datafield>
  <datafield tag="942" ind1=" " ind2=" ">
    <subfield code="c">BK</subfield>
  </datafield>
  <datafield tag="590" ind1=" " ind2=" ">
    <subfield code="a">niveau_biblio:m niveau_hierar:0</subfield>
  </datafield>
  <datafield tag="100" ind1="1" ind2=" ">
    <subfield code="a">G&#xF3;mez, Teresa</subfield>
  </datafield>
  <datafield tag="700" ind1="1" ind2=" ">
    <subfield code="a">Folco, Carlos Maria</subfield>
  </datafield>
  <datafield tag="999" ind1=" " ind2=" ">
    <subfield code="c">1865</subfield>
    <subfield code="d">1865</subfield>
  </datafield>
  <datafield tag="952" ind1=" " ind2=" ">
    <subfield code="0">0</subfield>
    <subfield code="1">0</subfield>
    <subfield code="4">0</subfield>
    <subfield code="7">0</subfield>
    <subfield code="a">BCEJYS</subfield>
    <subfield code="b">BCEJYS</subfield>
    <subfield code="c">16</subfield>
    <subfield code="d">2026-04-07</subfield>
    <subfield code="l">0</subfield>
    <subfield code="o">336.225 C392c v.2 2ed.</subfield>
    <subfield code="p">L85063</subfield>
    <subfield code="r">2026-04-07 15:56:04</subfield>
    <subfield code="w">2026-04-07</subfield>
    <subfield code="y">L</subfield>
  </datafield>
  <datafield tag="952" ind1=" " ind2=" ">
    <subfield code="0">0</subfield>
    <subfield code="1">0</subfield>
    <subfield code="4">0</subfield>
    <subfield code="7">0</subfield>
    <subfield code="a">BCEJYS</subfield>
    <subfield code="b">BCEJYS</subfield>
    <subfield code="c">16</subfield>
    <subfield code="d">2026-04-07</subfield>
    <subfield code="l">0</subfield>
    <subfield code="o">336.225 C392c v.2 2ed.</subfield>
    <subfield code="p">L85064</subfield>
    <subfield code="r">2026-04-07 15:56:04</subfield>
    <subfield code="w">2026-04-07</subfield>
    <subfield code="y">L</subfield>
  </datafield>
</record>
